00879nam a2200241 a 4500001000800000005001700008008004100025020001500066041000800081044000700089050002700096245012300123260004700246300003000293500001000323650005900333650006100392700002600453902000800479942001100487999001500498952012400513BRL_60520190320210823.0100913s1978----gw-ab#####---#000-0#ger-# a3499142740 ager agw 4aF2230.1.E84b.I52 197810aDie indianische VerweigerungbLateinamerikas Ureinwohner zwischen Ausrottung und SelbstbestimmungcMark Münzel (Hg.) aHamburgobRowohlt Taschenbuch Verlagc1978 a235 p.bil., mapasc19 p. aAu67914aIndígenas de SudaméricaxIdentidad étnica92441314aIndígenas de SudaméricaxCondiciones sociales9244141 aMünzel, Mark924415 aGRL 2lcccB c9417d9417 00104070aBRLbBRLd2013-09-10iAu679l0oF2230.1.E84 .I52 1978 (Au679)pGRL00663r2019-03-22 00:00:00w2019-03-22yB